Československá sociální reforma ve světle vývoja sociálního zabezpečení v Západní Evropě.

Vývoj sociálneho zabezpečenia v Západnej Európe. Sociálne zabezpečenie cez štát a pripoistenie súkromné a podnikové. Úloha medzinárodných nástrojov. Hľadania nových podôb sociálneho zabezpečenia v ČSFR.

Na minha lista:
Detalhes bibliográficos
Autor principal: Rys, V.
Formato: Capítulo de Livro
Idioma:tcheco
Assuntos:
Tags: Adicionar Tag
Sem tags, seja o primeiro a adicionar uma tag!

MARC

LEADER 00000naa a2200000 4500
001 r005585
005 20221125081306.5
041 0 |a cze 
044 |a [CS] 
245 1 0 |a Československá sociální reforma ve světle vývoja sociálního zabezpečení v Západní Evropě.  |c V. Rys 
520 |a Vývoj sociálneho zabezpečenia v Západnej Európe. Sociálne zabezpečenie cez štát a pripoistenie súkromné a podnikové. Úloha medzinárodných nástrojov. Hľadania nových podôb sociálneho zabezpečenia v ČSFR. 
610 2 0 |a zabezpečenie sociálne 
610 2 0 |a ČSFR 
610 2 0 |a západná Európa 
610 2 0 |a čiastka poistná 
100 1 |a Rys, V.